000 00973nam a2200265 a 4500
001 000047195
005 20201002053433.0
008 091118s2012 dr abc 000 0 spa d
020 _a9789945117271 (v. 2)
020 _a9789945116434 (v. 1)
040 _aDO-SdBNP
_bspa
_cBNPHU
082 _axxxx
_bxxxx
100 1 _aAlmonte Ysiano, Ana Iris
_931190
245 1 0 _aSociedad 6 :
_beducación básica /
_cAna Iris Almonte Ysiano ; dirección editorial Obdulia García de Escobar; ilustración José Amado Polanco.
260 _aSanto Domingo :
_bSantillana,
_c2012.
300 _av. :
_bil., maps., retrs. ;
_c28 cm.
490 1 _aInnova
590 _aInventariado, 2019/VM
700 1 _aRamos Santos, Henry
_931174
700 1 _aCapellán Almonte, Fanny
_eed.
_929766
700 1 _aAlmonte Ysiano, Ana Iris
_931190
700 1 _aPolanco, José Amado
_eil.
_923172
700 1 _aGarca Escobar, Obdulia,
_edir. ed.
_929770
830 0 _aInnova(República Dominicana)
_974948
999 _c46683
_d46683